[Event "Chess Festival Groningen 2019 A"]
[Site "Groningen , Netherlands"]
[Date "2019.12.29"]
[Round "8"]
[White "Theulings, Paul-Peter"]
[Black "Shakhverdian, William"]
[Result "1-0"]
[WhiteElo "2070"]
[BlackElo "2039"]
[PlyCount "79"]
[EventDate "2019.12.??"]

1. Nf3 d5 2. d4 Nf6 3. c4 e6 4. Nc3 Nbd7 5. Bf4 dxc4 6. e3 b5 7. Nxb5 Bb4+ 8.
Nc3 Nd5 9. Rc1 N7b6 10. Ne5 Nxf4 11. exf4 Bb7 12. Bxc4 O-O 13. O-O Qf6 14. Ne2
Bd6 15. Bd3 Rfd8 16. Qd2 Qh6 17. Rfd1 Bd5 18. Bb1 f6 19. Ng4 Qh4 20. Ne3 Bb7
21. Qd3 f5 22. Qb3 g6 23. Qxe6+ Kg7 24. Ng3 Rf8 25. Rc5 Bc8 26. Qb3 Bd7 27. Qc2
Rae8 28. Rxc7 Bxc7 29. Qxc7 Rf7 30. Qxa7 Rxe3 31. fxe3 Ba4 32. Qxb6 Bxd1 33.
Qc5 Qg4 34. Qe5+ Kf8 35. Qh8+ Ke7 36. Qe5+ Kf8 37. Qh8+ Ke7 38. a3 Bb3 39. Qe5+
Kf8 40. Qh8+ 1-0

[Event "Chess Festival Groningen 2019 A"]
[Site "Groningen , Netherlands"]
[Date "2019.12.29"]
[Round "8"]
[White "Van Foreest, Machteld"]
[Black "Ypma, Jord"]
[Result "1-0"]
[WhiteElo "2187"]
[BlackElo "2070"]
[PlyCount "73"]
[EventDate "2019.12.??"]

1. e4 c5 2. Nf3 d6 3. Bb5+ Nd7 4. c3 Ngf6 5. Qe2 a6 6. Ba4 b5 7. Bc2 Bb7 8. d4
e6 9. O-O Be7 10. Re1 O-O 11. Nbd2 Qc7 12. Nf1 Rfc8 13. Bb1 Nf8 14. Ng3 Ng6 15.
h4 Nf8 16. Bf4 N6d7 17. Bg5 Bxg5 18. Nxg5 h6 19. Nf3 Re8 20. Bc2 Rac8 21. Rac1
Qd8 22. a4 cxd4 23. cxd4 Qa5 24. axb5 axb5 25. Bd3 b4 26. Nd2 Qa8 27. Nc4 Qb8
28. e5 dxe5 29. dxe5 Red8 30. Qh5 g6 31. Qxh6 Nxe5 32. Nxe5 Rxc1 33. Qxc1 f6
34. Nxg6 Rxd3 35. Qh6 Qe8 36. Nxf8 Qxf8 37. Qg6+ 1-0

[Event "Chess Festival Groningen 2019 A"]
[Site "Groningen , Netherlands"]
[Date "2019.12.29"]
[Round "8"]
[White "Woong, Zhi Wei William"]
[Black "Maatman, Nick"]
[Result "1/2-1/2"]
[WhiteElo "2222"]
[BlackElo "2400"]
[PlyCount "65"]
[EventDate "2019.12.??"]

1. e4 e5 2. Nf3 Nc6 3. Bb5 Nf6 4. d3 Bc5 5. Bxc6 dxc6 6. h3 Nd7 7. Be3 Bd6 8.
Nbd2 O-O 9. Nf1 c5 10. a4 Nb8 11. g4 Nc6 12. Ng3 Kh8 13. O-O Nd4 14. c3 Nxf3+
15. Qxf3 Be6 16. c4 a5 17. Kg2 Ra6 18. Bd2 g6 19. Bc3 Qh4 20. Qe3 Kg8 21. Ne2
f5 22. f3 f4 23. Qf2 Qd8 24. b3 h5 25. Rh1 Kf7 26. Rag1 Rh8 27. Qe1 b6 28. Qa1
Qf6 29. Kf1 g5 30. h4 Rg8 31. hxg5 Rxg5 32. gxh5 Ra8 33. Qe1 1/2-1/2

[Event "Chess Festival Groningen 2019 A"]
[Site "Groningen , Netherlands"]
[Date "2019.12.29"]
[Round "8"]
[White "Zwirs, Jasper"]
[Black "Varshini, V."]
[Result "0-1"]
[WhiteElo "2062"]
[BlackElo "2227"]
[PlyCount "98"]
[EventDate "2019.12.??"]

1. e4 c5 2. Nf3 d6 3. d4 cxd4 4. Nxd4 Nf6 5. Nc3 a6 6. Bg5 e6 7. f4 Be7 8. Qf3
Qc7 9. O-O-O Nbd7 10. Bd3 h6 11. Qh3 Nc5 12. f5 e5 13. Bxf6 Bxf6 14. Nb3 Bd7
15. Bc4 b5 16. Bd5 Rb8 17. Nxc5 Qxc5 18. Qd3 Bg5+ 19. Kb1 b4 20. Ne2 Bb5 21.
Qf3 Qe3 22. Qh5 O-O 23. Rhe1 Qf2 24. f6 Qxf6 25. Rf1 g6 26. Qg4 Qe7 27. g3 Kg7
28. h4 h5 29. Qf3 Bh6 30. g4 hxg4 31. Qxg4 Bd7 32. Qg2 Qxh4 33. Rh1 Qg5 34. Ng3
Qg4 35. Rdg1 Be3 36. Nh5+ gxh5 37. Qf1 Bxg1 38. Rxg1 a5 39. b3 f5 40. exf5 Bxf5
41. Rxg4+ hxg4 42. Qa6 Rbc8 43. Bc4 Rf6 44. Bd3 e4 45. Bxe4 Rc5 46. Qa8 g3 47.
Bd5 Bxc2+ 48. Kb2 Bh7 49. Be4 Rf2+ 0-1

[Event "Chess Festival Groningen 2019 A"]
[Site "Groningen , Netherlands"]
[Date "2019.12.29"]
[Round "8.4"]
[White "Gleizerov, Evgeny"]
[Black "Gomes, Mary Ann"]
[Result "0-1"]
[WhiteElo "2508"]
[BlackElo "2324"]
[PlyCount "74"]
[EventDate "2019.12.??"]

1. d4 Nf6 2. c4 e6 3. g3 c5 4. d5 exd5 5. cxd5 d6 6. Nc3 g6 7. Nf3 Bg7 8. Bg2
O-O 9. O-O Re8 10. Re1 a6 11. a4 Ne4 12. Nxe4 Rxe4 13. Bg5 Qf8 14. Ra2 Nd7 15.
b3 Rb8 16. Nd2 Re8 17. Nc4 Ne5 18. a5 Nxc4 19. bxc4 b5 20. axb6 Rxb6 21. e4 Bd7
22. Bd2 Reb8 23. f4 Bd4+ 24. Kh1 f6 25. Ra3 Qc8 26. Be3 Bg4 27. Qd3 Bb2 28. Ra2
Rb3 29. Qc2 Bd4 30. Bxd4 cxd4 31. Bf1 d3 32. Bxd3 Bf3+ 33. Kg1 Qc5+ 34. Kf1 Qd4
35. Be2 Bxe4 36. Qd2 Qc5 37. Rxa6 Qc8 0-1

[Event "Chess Festival Groningen 2019 A"]
[Site "Groningen , Netherlands"]
[Date "2019.12.29"]
[Round "8.8"]
[White "Kumar, Nikhil"]
[Black "Ulybin, Mikhail"]
[Result "0-1"]
[WhiteElo "2315"]
[BlackElo "2453"]
[PlyCount "118"]
[EventDate "2019.12.??"]

1. d4 e6 2. c4 f5 3. g3 Nf6 4. Bg2 d5 5. Nf3 Bd6 6. O-O c6 7. Qc2 O-O 8. Nc3
Bd7 9. Rb1 Be8 10. c5 Bc7 11. b4 f4 12. Bxf4 Bxf4 13. gxf4 Bg6 14. Qb2 Bxb1 15.
Qxb1 Nbd7 16. e3 Re8 17. Ne2 b6 18. Ng3 Rb8 19. Qc2 bxc5 20. bxc5 Qa5 21. Bh3
Rb4 22. Ne5 Qb5 23. Nd3 Rc4 24. Qe2 Rc3 25. Rd1 Qc4 26. Bf1 Rc2 27. Qf3 Qa4 28.
Ne5 Rxa2 29. Rb1 Ra1 30. Rb7 Rd8 31. Kg2 Rxf1 32. Nxf1 Qa6 33. Rc7 Nxe5 34.
fxe5 Rd7 35. Rxd7 Nxd7 36. Qg4 Nf8 37. Ng3 Qd3 38. Ne2 a5 39. Nf4 Qe4+ 40. Qf3
Qc2 41. Qe2 Qxe2 42. Nxe2 a4 43. Nc3 a3 44. Kf3 Kf7 45. Ke2 Kg6 46. Kd3 Kg5 47.
Kc2 Kg4 48. Na2 Ng6 49. Nb4 Ne7 50. Na6 Kh3 51. Nc7 Kxh2 52. Nxe6 g6 53. Nf4
Kg1 54. f3 Kf2 55. e4 Kxf3 56. exd5 cxd5 57. Ne6 h5 58. Kb3 h4 59. Kxa3 Kg4 0-1

[Event "Chess Festival Groningen 2019 A"]
[Site "Groningen , Netherlands"]
[Date "2019.12.30"]
[Round "9"]
[White "Albers, Sasa"]
[Black "Simet, Martin"]
[Result "1/2-1/2"]
[WhiteElo "1997"]
[BlackElo "2257"]
[PlyCount "113"]
[EventDate "2019.12.??"]

1. e4 c5 2. Nf3 Nc6 3. Bb5 g6 4. O-O Bg7 5. c3 a6 6. Bxc6 dxc6 7. d3 Nf6 8. Qc2
O-O 9. Be3 b6 10. h3 Qc7 11. a4 a5 12. Nbd2 Ba6 13. Rfd1 Nh5 14. Nc4 Rab8 15.
b3 f5 16. d4 fxe4 17. Qxe4 Bc8 18. Nce5 cxd4 19. cxd4 Bb7 20. Qg4 Rf5 21. Nh4
Nf6 22. Qe2 Rh5 23. Qc4+ Nd5 24. Nhf3 Rf8 25. Rac1 c5 26. Qe2 Nb4 27. Bd2 Nc6
28. Qc4+ Kh8 29. Nf7+ Rxf7 30. Qxf7 Rf5 31. Qc4 Rxf3 32. gxf3 Bxd4 33. Kf1 Qc8
34. Ke1 Ne5 35. Qxd4 cxd4 36. Rxc8+ Bxc8 37. Bc3 Nxf3+ 38. Ke2 Be6 39. Bxd4+
Nxd4+ 40. Rxd4 Bxb3 41. Kd2 e5 42. Re4 Kg7 43. Kc3 Bd1 44. Kd2 Bb3 45. f4 exf4
46. Rxf4 Be6 47. h4 Bd7 48. Ke3 b5 49. Rd4 Be8 50. axb5 Bxb5 51. Rd5 Bc4 52.
Rxa5 Be6 53. Kf4 Kh6 54. h5 Bf7 55. hxg6 Bxg6 56. Ra7 Bc2 57. Rxh7+ 1/2-1/2

[Event "Chess Festival Groningen 2019 A"]
[Site "Groningen , Netherlands"]
[Date "2019.12.30"]
[Round "9"]
[White "Berndt, Matthias"]
[Black "Woong, Zhi Wei William"]
[Result "0-1"]
[WhiteElo "2065"]
[BlackElo "2222"]
[PlyCount "56"]
[EventDate "2019.12.??"]

1. e4 c5 2. Nc3 Nc6 3. g3 g6 4. Bg2 Bg7 5. d3 d6 6. f4 e6 7. Nf3 Nge7 8. O-O
O-O 9. g4 f5 10. h3 e5 11. gxf5 gxf5 12. Nd5 Nd4 13. Nxd4 cxd4 14. Nxe7+ Qxe7
15. c3 Qh4 16. cxd4 fxe4 17. dxe4 exf4 18. Rf3 Bd7 19. Qd3 Be8 20. Kh2 Bh5 21.
Rf1 f3 22. Bxf3 Bxf3 23. Rxf3 Rxf3 24. Qxf3 Rf8 25. Qg4 Qf2+ 26. Qg2 Qxd4 27.
Kg3 Qe5+ 28. Kh4 Kh8 0-1

[Event "Chess Festival Groningen 2019 A"]
[Site "Groningen , Netherlands"]
[Date "2019.12.30"]
[Round "9"]
[White "Bruil, Rembrandt"]
[Black "Krasenkova, Ilena"]
[Result "1/2-1/2"]
[WhiteElo "2206"]
[BlackElo "2174"]
[PlyCount "60"]
[EventDate "2019.12.??"]

1. d4 d5 2. c4 c6 3. Nf3 Nf6 4. Nbd2 e6 5. e3 Bd6 6. Bd3 O-O 7. O-O Nbd7 8. e4
dxe4 9. Nxe4 Nxe4 10. Bxe4 Nf6 11. Bc2 Qc7 12. Bg5 Ng4 13. h3 Nh2 14. Re1 Nxf3+
15. Qxf3 f6 16. Be3 Qf7 17. c5 Bc7 18. Bb3 g5 19. Bd2 Bd7 20. Qe2 Rad8 21. f4
f5 22. Qf3 Qg7 23. fxg5 Qxd4+ 24. Be3 Qxb2 25. Rad1 Qg7 26. h4 Kh8 27. h5 Bc8
28. h6 Qg6 29. Bd4+ Kg8 30. Qe3 Qf7 1/2-1/2

[Event "Chess Festival Groningen 2019 A"]
[Site "Groningen , Netherlands"]
[Date "2019.12.30"]
[Round "9"]
[White "Harshini A"]
[Black "Elgersma, Onno"]
[Result "0-1"]
[WhiteElo "2076"]
[BlackElo "2319"]
[PlyCount "98"]
[EventDate "2019.12.??"]

1. e4 c5 2. Nf3 e6 3. d4 cxd4 4. Nxd4 Nf6 5. Bd3 Nc6 6. Nxc6 bxc6 7. O-O d5 8.
Bg5 Be7 9. e5 Nd7 10. Bxe7 Qxe7 11. Qg4 O-O 12. Re1 Nc5 13. Nd2 Rb8 14. Qd4
Nxd3 15. Qxd3 f6 16. b3 c5 17. Nf3 f5 18. c3 a5 19. Nd2 g5 20. Re3 g4 21. f4
gxf3 22. Rxf3 Kh8 23. Rh3 Rg8 24. Rf1 Rg4 25. Rh5 Qg7 26. Qe2 Bb7 27. h3 Rg3
28. Rf3 Rg8 29. Rxg3 Qxg3 30. Nf1 Qg6 31. g3 d4 32. cxd4 cxd4 33. Rh4 Be4 34.
Qd2 Qg7 35. Qxd4 Rc8 36. a4 Bd5 37. Qb2 Rb8 38. Qc3 Rxb3 39. Qc8+ Qg8 40. Qxg8+
Kxg8 41. Kf2 Ra3 42. Ne3 Be4 43. Rf4 Rxa4 44. g4 fxg4 45. Nxg4 Kg7 46. Ne3 Rb4
47. Rf6 Rb6 48. Nc4 Ra6 49. Nd6 Rxd6 0-1

[Event "Chess Festival Groningen 2019 A"]
[Site "Groningen , Netherlands"]
[Date "2019.12.30"]
[Round "9"]
[White "Hilwerda, Jonas"]
[Black "Nicolai, Amir"]
[Result "1/2-1/2"]
[WhiteElo "2228"]
[BlackElo "2108"]
[PlyCount "37"]
[EventDate "2019.12.??"]

1. e4 c5 2. Nf3 Nc6 3. Bb5 e6 4. Bxc6 bxc6 5. d3 Ne7 6. e5 f6 7. exf6 gxf6 8.
Nh4 d6 9. Nc3 f5 10. Qh5+ Kd7 11. Bg5 Qe8 12. Qe2 h6 13. Bd2 Bg7 14. Na4 Rb8
15. Rb1 Nd5 16. g3 Bf6 17. Ng2 h5 18. h4 Rg8 19. O-O 1/2-1/2

[Event "Chess Festival Groningen 2019 A"]
[Site "Groningen , Netherlands"]
[Date "2019.12.30"]
[Round "9"]
[White "Maatman, Nick"]
[Black "Haan, Gertjan"]
[Result "1-0"]
[WhiteElo "2400"]
[BlackElo "1936"]
[PlyCount "75"]
[EventDate "2019.12.??"]

1. d4 d5 2. c4 c6 3. cxd5 cxd5 4. Nc3 Bf5 5. Qb3 Nc6 6. e3 Qd7 7. Nf3 a6 8. Bd2
e6 9. Na4 Rd8 10. Rc1 Nf6 11. Qb6 Ne4 12. Bxa6 Nxd2 13. Nxd2 bxa6 14. Rxc6 Bd3
15. Nc5 Bxc5 16. Qxc5 Qe7 17. Nf3 f6 18. Kd2 Bb5 19. Qxe7+ Kxe7 20. Rc7+ Rd7
21. Rhc1 Rb8 22. b3 a5 23. a4 Rxc7 24. Rxc7+ Bd7 25. Kc3 Rc8 26. Rxc8 Bxc8 27.
b4 axb4+ 28. Kxb4 Kd6 29. Nd2 Kc6 30. f4 Kd6 31. a5 e5 32. Kb5 g5 33. fxe5+
fxe5 34. Kb6 exd4 35. exd4 Bd7 36. Nf3 Bc6 37. Nxg5 Ba8 38. Nxh7 1-0

[Event "Chess Festival Groningen 2019 A"]
[Site "Groningen , Netherlands"]
[Date "2019.12.30"]
[Round "9"]
[White "Rut, Vojtech"]
[Black "Boersma, Jan"]
[Result "1/2-1/2"]
[WhiteElo "2119"]
[BlackElo "2069"]
[PlyCount "22"]
[EventDate "2019.12.??"]

1. d4 Nf6 2. Bg5 Ne4 3. h4 d5 4. Nd2 h6 5. Nxe4 dxe4 6. Bf4 Bf5 7. e3 Nd7 8. g4
Bh7 9. Bg2 e6 10. Ne2 Be7 11. Nc3 Bb4 1/2-1/2

[Event "Chess Festival Groningen 2019 A"]
[Site "Groningen , Netherlands"]
[Date "2019.12.30"]
[Round "9"]
[White "Shakhverdian, William"]
[Black "Gijsen, William"]
[Result "1-0"]
[WhiteElo "2039"]
[BlackElo "1948"]
[PlyCount "93"]
[EventDate "2019.12.??"]

1. d4 d5 2. c4 c6 3. Nf3 e6 4. e3 Nd7 5. Nbd2 Ngf6 6. b3 Be7 7. Bb2 O-O 8. Bd3
c5 9. cxd5 exd5 10. O-O b6 11. Ne5 Nxe5 12. dxe5 Ng4 13. h3 Nh6 14. Qc2 g6 15.
Rad1 Be6 16. f4 Qd7 17. Nf3 b5 18. Qe2 a6 19. Kh2 Rac8 20. Bc2 Qc7 21. g4 Kh8
22. Rg1 Rg8 23. Rg3 Rg7 24. Rdg1 Rcg8 25. Kh1 Qc8 26. Ng5 Rf8 27. Nf3 c4 28.
Bd4 Bc5 29. Kh2 Ng8 30. f5 gxf5 31. gxf5 Rxg3 32. Rxg3 Bxd4 33. Nxd4 Qc7 34.
fxe6 Qxe5 35. Qf3 Nf6 36. Qf5 Qxf5 37. Bxf5 fxe6 38. Nxe6 Rf7 39. bxc4 dxc4 40.
Nd4 Re7 41. a3 Re5 42. Be6 c3 43. Bb3 Nd5 44. e4 Nf6 45. Rxc3 Rxe4 46. Nf5 h5
47. Rc6 1-0

[Event "Chess Festival Groningen 2019 A"]
[Site "Groningen , Netherlands"]
[Date "2019.12.30"]
[Round "9"]
[White "Sodoma, Jan"]
[Black "Theulings, Paul-Peter"]
[Result "1-0"]
[WhiteElo "2312"]
[BlackElo "2070"]
[PlyCount "49"]
[EventDate "2019.12.??"]

1. d4 Nf6 2. c4 e6 3. Nc3 Bb4 4. Qc2 c5 5. dxc5 O-O 6. Nf3 Na6 7. g3 Nxc5 8.
Bg2 Nce4 9. O-O Bxc3 10. bxc3 d5 11. Bf4 Bd7 12. cxd5 exd5 13. Qb3 Bc6 14. Rfd1
Qa5 15. Qb4 Qxb4 16. cxb4 Ng4 17. Rf1 Nc3 18. Nd4 Rfe8 19. Rfc1 Nb5 20. Nxc6
bxc6 21. e3 g5 22. Bxg5 Ne5 23. Bf4 Rac8 24. a4 Nd6 25. b5 1-0

[Event "Chess Festival Groningen 2019 A"]
[Site "Groningen , Netherlands"]
[Date "2019.12.30"]
[Round "9"]
[White "Tabak, Stefan"]
[Black "Ypma, Jord"]
[Result "1/2-1/2"]
[WhiteElo "2166"]
[BlackElo "2070"]
[PlyCount "114"]
[EventDate "2019.12.??"]

1. Nf3 Nf6 2. g3 d5 3. Bg2 c6 4. O-O Bg4 5. d3 Nbd7 6. Nbd2 e5 7. c3 Bc5 8. b4
Bb6 9. Qc2 O-O 10. a4 h6 11. e4 Re8 12. c4 Rc8 13. Bb2 Qe7 14. c5 Bc7 15. Rfe1
a5 16. Ba3 axb4 17. Bxb4 Ra8 18. a5 Qe6 19. Nb3 d4 20. Nfd2 Nh7 21. f3 Bh5 22.
Nc4 Ng5 23. Rf1 Nh3+ 24. Kh1 Bg6 25. Nb6 Bxb6 26. cxb6 Rec8 27. Nc5 Nxc5 28.
Bxc5 f6 29. Qd2 Bf7 30. f4 Qg4 31. Bf3 Qe6 32. Bg2 Qg4 33. Bd6 Ra6 34. fxe5
fxe5 35. Bxe5 Qd7 36. Bxh3 Qxh3 37. Qf2 Qe6 38. Kg1 c5 39. Bc7 Rca8 40. Qd2 c4
41. dxc4 Qxe4 42. Rae1 Qg6 43. Qxd4 Rxa5 44. Re7 Rf5 45. Bf4 Be8 46. Rxb7 Bc6
47. Ra7 Rff8 48. h4 Rxa7 49. bxa7 Qc2 50. Qd2 Qxc4 51. Re1 Qc5+ 52. Qe3 Qc2 53.
Re2 Qd1+ 54. Re1 Qc2 55. Qd2 Qc5+ 56. Qe3 Qc2 57. Re2 Qd1+ 1/2-1/2

[Event "Chess Festival Groningen 2019 A"]
[Site "Groningen , Netherlands"]
[Date "2019.12.30"]
[Round "9"]
[White "Van Dael, Siem"]
[Black "Mollema, Thomas"]
[Result "1/2-1/2"]
[WhiteElo "2255"]
[BlackElo "2207"]
[PlyCount "82"]
[EventDate "2019.12.??"]

1. e4 c5 2. Nf3 e6 3. d4 cxd4 4. Nxd4 a6 5. c4 Nf6 6. Nc3 Qc7 7. a3 Be7 8. Be2
b6 9. Be3 Bb7 10. f3 d6 11. Qd2 Nbd7 12. O-O h5 13. Rac1 Rc8 14. Rfd1 Qb8 15.
b4 h4 16. Bf1 Bd8 17. Qf2 Bc7 18. Nd5 exd5 19. exd5 b5 20. Nc6 Bxc6 21. dxc6
Ne5 22. cxb5 axb5 23. Ba7 Qa8 24. Bxb5 O-O 25. Ba6 Rb8 26. b5 d5 27. Bxb8 Rxb8
28. Kh1 Re8 29. Qxh4 Qa7 30. Qb4 Nxf3 31. b6 Bxb6 32. gxf3 Qxa6 33. c7 Bxc7 34.
Rxc7 Qe2 35. Qb3 Ng4 36. fxg4 Qe4+ 37. Kg1 Qxg4+ 38. Kh1 Qe4+ 39. Kg1 Qg4+ 40.
Kh1 Qe4+ 41. Kg1 Qg4+ 1/2-1/2

[Event "Chess Festival Groningen 2019 A"]
[Site "Groningen , Netherlands"]
[Date "2019.12.30"]
[Round "9"]
[White "Van Hoorn, Geert"]
[Black "Zwirs, Jasper"]
[Result "1-0"]
[WhiteElo "2032"]
[BlackElo "2062"]
[PlyCount "82"]
[EventDate "2019.12.??"]

1. e4 c5 2. Nf3 d6 3. d4 cxd4 4. Nxd4 Nf6 5. Nc3 a6 6. f3 e5 7. Nb3 Be6 8. Be3
Be7 9. Qd2 b5 10. g4 Nbd7 11. O-O-O b4 12. Nd5 Bxd5 13. exd5 Nb6 14. Qxb4 Nfxd5
15. Bxb6 Nxb6 16. f4 O-O 17. fxe5 a5 18. Qb5 Qc7 19. exd6 Bxd6 20. a4 Rfd8 21.
Bd3 g6 22. Rhe1 Bxh2 23. Kb1 Rd5 24. Re8+ Rxe8 25. Qxe8+ Kg7 26. Rf1 Re5 27.
Rxf7+ Qxf7 28. Qc6 Re6 29. Qg2 Bf4 30. Bb5 Bc7 31. Qd2 Qf4 32. Qxa5 Nd5 33. Qa8
Nb4 34. Qh1 Qe4 35. Qxe4 Rxe4 36. c3 Re1+ 37. Nc1 Bf4 38. cxb4 Rxc1+ 39. Ka2
Kf6 40. a5 Ke6 41. a6 Be3 1-0

[Event "Chess Festival Groningen 2019 A"]
[Site "Groningen , Netherlands"]
[Date "2019.12.30"]
[Round "9"]
[White "Van Randtwijk, Mick"]
[Black "Kumar, Naman"]
[Result "0-1"]
[WhiteElo "2047"]
[BlackElo "2082"]
[PlyCount "80"]
[EventDate "2019.12.??"]

1. e4 e5 2. Nf3 Nc6 3. Bb5 a6 4. Ba4 Nf6 5. d3 b5 6. Bb3 Be7 7. O-O d6 8. a3
O-O 9. Nc3 Bg4 10. Be3 Nd4 11. Bxd4 exd4 12. Nd5 c5 13. h3 Be6 14. Nxf6+ Bxf6
15. Bxe6 fxe6 16. Qd2 e5 17. g3 Ra7 18. Kg2 Raf7 19. a4 b4 20. Qe2 Bg5 21. Ng1
g6 22. Qg4 h5 23. Qe6 Kh7 24. Ne2 Rf6 25. Qd5 Bh6 26. Rae1 R8f7 27. f4 Qf8 28.
f5 gxf5 29. exf5 Rxf5 30. Rxf5 Rxf5 31. Qe4 Kh8 32. g4 Rf2+ 33. Kh1 h4 34. Ng1
Be3 35. Qg6 Qa8+ 36. Qe4 Qxe4+ 37. dxe4 Rxc2 38. b3 Rc1 39. Rxc1 Bxc1 40. Kg2
c4 0-1

[Event "Chess Festival Groningen 2019 A"]
[Site "Groningen , Netherlands"]
[Date "2019.12.30"]
[Round "9"]
[White "Van Roon, Sjoerd"]
[Black "Lubbe, Melanie"]
[Result "1-0"]
[WhiteElo "2080"]
[BlackElo "2279"]
[PlyCount "64"]
[EventDate "2019.12.??"]

1. e4 d6 2. d4 Nf6 3. Nc3 e5 4. Nf3 Nbd7 5. Bc4 Be7 6. Be3 O-O 7. h3 a6 8. a4
b6 9. Bd5 Nxd5 10. Nxd5 Bb7 11. dxe5 dxe5 12. O-O Nf6 13. Nxe7+ Qxe7 14. Bg5
Bxe4 15. Qe2 Bxf3 16. Qxf3 Rad8 17. Rfe1 Rd6 18. Qe2 Re6 19. Qxa6 Qc5 20. c4 e4
21. Qb5 Qe7 22. Qb3 h6 23. Be3 Nd7 24. Qc3 f5 25. b4 f4 26. Bc1 e3 27. Bb2 Rg6
28. f3 Rd8 29. Re2 Qh4 30. Qd4 Qxh3 31. Qe4 Qh5 32. Rd1 Kh7 1-0

[Event "Chess Festival Groningen 2019 A"]
[Site "Groningen , Netherlands"]
[Date "2019.12.30"]
[Round "9"]
[White "Varshini, V."]
[Black "Markus, John Raymond"]
[Result "1-0"]
[WhiteElo "2227"]
[BlackElo "1996"]
[PlyCount "85"]
[EventDate "2019.12.??"]

1. e4 g6 2. d4 d6 3. Nc3 a6 4. a4 Bg7 5. Nf3 b6 6. Bc4 e6 7. Be3 Nd7 8. Qd2 h6
9. O-O Bb7 10. d5 e5 11. Ne1 Ne7 12. f4 exf4 13. Bxf4 g5 14. Be3 Ne5 15. Be2
O-O 16. Nf3 f5 17. exf5 Nxf5 18. Nd4 Nxd4 19. Bxd4 Qe7 20. Rae1 Rxf1+ 21. Rxf1
Rf8 22. Rxf8+ Qxf8 23. Bf2 Qf5 24. Be3 Ng4 25. Bd4 Bxd4+ 26. Qxd4 Ne5 27. Bd3
Nxd3 28. cxd3 Kf7 29. Qc4 Qd7 30. Ne4 b5 31. Qd4 Qe7 32. axb5 axb5 33. b4 Qe5
34. Qxe5 dxe5 35. Nc3 c6 36. Ne4 Ke7 37. d6+ Kd8 38. Kf2 Bc8 39. Nc5 Bf5 40.
Ke3 Kc8 41. g4 Bg6 42. d4 e4 43. d7+ 1-0

[Event "Chess Festival Groningen 2019 A"]
[Site "Groningen , Netherlands"]
[Date "2019.12.30"]
[Round "9"]
[White "Wedda, Dries"]
[Black "Van Foreest, Machteld"]
[Result "1/2-1/2"]
[WhiteElo "2209"]
[BlackElo "2187"]
[PlyCount "85"]
[EventDate "2019.12.??"]

1. c4 e5 2. d3 Nf6 3. Nf3 Nc6 4. a3 d5 5. cxd5 Nxd5 6. e4 Nb6 7. Be2 Bg4 8.
Nbd2 Be7 9. Qc2 Qd7 10. b4 a6 11. Bb2 f6 12. O-O O-O 13. Rac1 Rfd8 14. h3 Bh5
15. Rfd1 Bf7 16. d4 exd4 17. Nb3 Qe8 18. Nc5 Bxc5 19. bxc5 Nd7 20. Nxd4 Nxd4
21. Bxd4 Ne5 22. Bxe5 Qxe5 23. Bc4 Qe7 24. c6 b5 25. Bxf7+ Kxf7 26. a4 Rxd1+
27. Rxd1 Rd8 28. Rxd8 Qxd8 29. axb5 axb5 30. Qb3+ Ke7 31. Qxb5 Qd1+ 32. Kh2 Qd4
33. Qb8 Qe5+ 34. g3 Kd6 35. Qa8 g5 36. Kg1 Qc3 37. Qe8 Qxc6 38. Qf7 Qxe4 39.
Qxf6+ Qe6 40. Qxg5 Qe1+ 41. Kg2 Qe4+ 42. Kg1 Qe1+ 43. Kg2 1/2-1/2

[Event "Chess Festival Groningen 2019 A"]
[Site "Groningen , Netherlands"]
[Date "2019.12.30"]
[Round "9.2"]
[White "Gomes, Mary Ann"]
[Black "Sargsyan, Shant"]
[Result "0-1"]
[WhiteElo "2324"]
[BlackElo "2601"]
[PlyCount "116"]
[EventDate "2019.12.??"]

1. Nf3 d5 2. g3 Nc6 3. d4 Bf5 4. Bg2 Nb4 5. Na3 e6 6. Bf4 Bd6 7. Bxd6 Qxd6 8.
c3 Nc6 9. Nh4 Bg4 10. Qd2 Qe7 11. c4 O-O-O 12. h3 Bh5 13. cxd5 exd5 14. Rc1 g5
15. Nf5 Qf6 16. Ne3 Qxd4 17. Qxd4 Nxd4 18. g4 Bg6 19. Nxd5 c6 20. h4 Kb8 21. h5
Bd3 22. exd3 cxd5 23. Nc2 Ne6 24. Kd2 Nf6 25. Bf3 Nf4 26. Rhe1 Ne4+ 27. Rxe4
dxe4 28. Bxe4 Rhe8 29. Re1 h6 30. Re3 Kc7 31. d4 Ne6 32. Kc3 b5 33. b4 Kb6 34.
f3 Re7 35. Rd3 Rc7+ 36. Kb2 Rc4 37. d5 Nf4 38. Rd2 a5 39. a3 axb4 40. Nxb4 Rd6
41. Nc2 f5 42. gxf5 Nxh5 43. Ne3 Rc8 44. f6 Nxf6 45. Nf5 Nxe4 46. fxe4 Rf6 47.
d6 Rd8 48. Kb3 Re6 49. Rd4 h5 50. a4 h4 51. Rb4 Re5 52. Ne3 Kc6 53. Nd5 Kxd6
54. Rxb5 Rxe4 55. Nf6 Re3+ 56. Kc4 Ke6 57. Nh7 g4 58. Rh5 h3 0-1